| 000 | 00753nam a2200229 a 4500 | ||
|---|---|---|---|
| 005 | 20140310183440.0 | ||
| 008 | 080423s19uu xx 00 eng d | ||
| 020 | _a0787981540 | ||
| 050 |
_aLC 3981 _b.R54 2006 |
||
| 100 | _aRief, Sandra F. | ||
| 245 |
_aHow to reach and teach all children in the inclusive classroom : _bpractical strategies, lessons, and activities / _cSandra F. Rief |
||
| 250 | _a2nd ed. | ||
| 260 |
_aU.S.A : _bJossey-Bass, _c2006. |
||
| 300 |
_a456 p. : _bill. ; _c28 cm. |
||
| 521 | _aEDU | ||
| 650 |
_aInclusive education _xUnited States. |
||
| 650 |
_aMainstreaming in education _xUnited States. |
||
| 650 |
_aLesson planning _xUnited states. |
||
| 700 | _aHeimburge, Julie A. | ||
| 942 |
_cBK _2lcc _kFOR |
||
| 999 |
_c23083 _d23083 |
||